000 00882nam a22002777a 4500
001 BR9405062
003 BR-BrBNA
005 20230928094106.0
007 ta
008 230509b bl.||||| |||| 00| 0 por d
040 _aBR-BrBNA
_bpor
_cBiblioteca Nacional de Agricultura
041 _a(Por)
072 _aK10; K01
090 _ K10 BR9405062
110 1 _aInstituto Brasileiro de Desenvolvimento Florestal, Brasilia, DF (Brasil)
_95727
245 1 _aProjeto de desenvolvimento e pesquisa florestal. Brasil. Alguns aspectos do problema brasileiro
_bBRA/78/003 - Relatorio tecnico no. 19
260 3 _aBrasilia, DF (Brasil):
_c1982.
300 _a58 p.
500 _a35 ref.
650 _aPolitica Florestal
650 _aLegislacao Florestal
650 _aPesquisa Florestal
650 _aInventario Florestal
909 _a202309
_bLucia
_c55
_dLucia Elande
942 _cBK
999 _c48812
_d48812